Bài tập xác suất và thống kê toán học
Gorde:
| Egile nagusia: | |
|---|---|
| Formatua: | Liburua |
| Hizkuntza: | Undetermined |
| Argitaratua: |
Tp. HCM
ĐHBK
|
| Gaiak: | |
| Etiketak: |
Etiketa erantsi
Etiketarik gabe, Izan zaitez lehena erregistro honi etiketa jartzen!
|
| Thư viện lưu trữ: | Trung tâm Học liệu Trường Đại học Cần Thơ |
|---|
| LEADER | 00487nam a2200157Ia 4500 | ||
|---|---|---|---|
| 001 | CTU_48526 | ||
| 008 | 210402s9999 xx 000 0 und d | ||
| 082 | |a 519.2076 | ||
| 082 | |b T561 | ||
| 100 | |a Lê, Trung Tương | ||
| 245 | 0 | |a Bài tập xác suất và thống kê toán học | |
| 245 | 0 | |c Lê Trung Tương | |
| 260 | |a Tp. HCM | ||
| 260 | |b ĐHBK | ||
| 650 | |a probabilities - problems, exercises, etc. | ||
| 980 | |a Trung tâm Học liệu Trường Đại học Cần Thơ | ||